000 00566nam a2200181 a 4500
001 001085119
003 AM-YeHGA
005 20250617151422.0
008 150609s1956 ||| r 000 0 rus d
040 _aAM-YeHGA
041 0 _arus
100 1 _aМилявский, Анатолий Исаевич
245 1 0 _aГорный ключ :
_bСтихи /
_cАнатолий Милявский.
260 _aСимферополь :
_bКрымиздат,
_c1956.
300 _a73 с.
650 1 4 _aРусская литература
_xСтихи
090 _c352688
999 _c350875
_d350875